00529nam a22002057a 450000500170000001000130001702000230003003500130005303700160006604000120008208200160009410000150011024500520012526000350017727000370021230000200024950000190026965000100028865000250029820170124105929.0 aA-996296 c580.00a8170950716 aA-996296 bCen Lib/Ret aDPLbEN a327.54bRAT aRajan, M.S aIndia & International Affairs /cby M. S. Rajan aNew DelhibLancers Booksc1999 aP.O. Box 4236bNew Delhie110048 a407p.c19cm(Hb) aInclueds index aIndia aDiplomatic relations